Normal view
MARC view
- Minorities
Entry Topical Term
001 - CONTROL NUMBER
- control field: 29544
003 - CONTROL NUMBER IDENTIFIER
- control field: KE-NaSUL
005 - DATE AND TIME OF LATEST TRANSACTION
- control field: 20250825144753.0
008 - FIXED-LENGTH DATA ELEMENTS
- fixed length control field: 250825|| aca||aabn | a|a d
040 ## - CATALOGING SOURCE
- Original cataloging agency: KE-NaSUL
- Transcribing agency: KE-NaSUL
150 ## - HEADING--TOPICAL TERM
- Topical term or geographic name as entry element: Minorities
- General subdivision: Civil rights
670 ## - SOURCE DATA FOUND
- Source citation: Work cat.: (KE-NaSUL)17617: Kukathas, Chandran. 29541, The liberal archipelago :, 2003.